|
|
|
|
| LEADER |
01034nam a22002297a 4500 |
| 001 |
19184 |
| 003 |
BD-DhAAL |
| 008 |
230618r19941955ii ||||| |||| 00| 0 ben d |
| 040 |
|
|
|a BD-DhAAL
|c BD-DhAAL
|
| 041 |
|
|
|a ben
|
| 082 |
|
|
|a 954.031092
|
| 100 |
|
|
|a গঙ্গোপাধ্যায়, নারায়ণ.
|9 21753
|
| 245 |
|
|
|a রামমোহন /
|c নারায়ণ গঙ্গোপাধ্যায়.
|
| 260 |
|
|
|a কলকাতা :
|b প্যাপিরাস,
|c ১৯৫৫ [চতুর্থ সংস্করণ ২০০৭].
|
| 300 |
|
|
|a ৫৫ পৃষ্ঠা ;
|c ১৮ সে.মি.
|
| 541 |
|
|
|e 19184
|
| 600 |
|
|
|a Rammohun Roy, Raja,
|d 1772?-1833.
|9 48350
|
| 650 |
|
|
|a Statesmen
|z India
|v Biography.
|9 12396
|
| 852 |
|
|
|a Ayesha Abed Library
|c General Stacks
|
| 942 |
|
|
|2 ddc
|c BK
|
| 999 |
|
|
|c 45898
|d 45898
|
| 952 |
|
|
|0 0
|1 0
|2 ddc
|4 0
|6 954_031092000000000_GAN
|7 0
|9 73824
|a BIGD
|b BIGD
|c GEN
|d 2023-06-18
|g 33.00
|l 0
|o 954.031092 GAN
|p 3050019184
|r 2023-06-18
|t 1
|w 2023-06-18
|y BK
|x Transferred from BDI to BIGD ; Rs 25.00
|